MDQL
is popping MORE tags! Check the
thread
!
Quizzes
Events
Quiz Creation
Community
Videos
Private Events
Remove Ads
Sign In
Join for FREE
Feedback
Dark Mode
Quiz Categories
Sports
Geography
Music
Movies
Television
Just For Fun
Miscellaneous
History
Literature
Language
Science
Gaming
Entertainment
Religion
Holiday
For Kids
Quiz Lab
Recent
Popular Today
Quiz Kudos Today
Editor Picks
Curator Picks
Quizzes by...
Day
Popularity
Type
Ratings
Length
Year
Community
Subscriptions
Recent Discussions
Orange Saloon
Badges
Playlists
Quests
Create
Leaderboards
Showdown
Live 5
Trivia Bingo
Activity
Puzzle Library
Sporcle Events
Private Events
Virtual Trivia
Globe League
Become a Host
Pub Owners
SporcleCon
Opinionation
Our Games
Videos
Blog
Mobile Apps
Partnerships
Remove Ads and Go Orange
Feedback
Sports
Athletes
MLB
NBA
NHL
NFL
Soccer
Sports Teams
WWE
NCAA
Football
Premier League
Basketball
Baseball
Hockey
Golf
Tennis
Cricket
Rugby
Auto Racing
Olympics
World Cup
Sports
Athletes
MLB
NBA
NHL
NFL
Soccer
Sports Teams
WWE
NCAA
Football
Premier League
Basketball
Baseball
Hockey
Golf
Tennis
Cricket
Rugby
Auto Racing
Olympics
World Cup
Random Quiz
Search Sporcle
×
Quiz Lab
Quiz Lab
Sports
NBA
Type in answers that appear in a list
Type in answers that appear in a list
Classic
Best Score? Go Orange.
Losing Semi-Finalists (2000s) Stats
Can you name the MLB, NBA, NFL, NHL, and NCAA semi-finalists (2000s)?
By
vapor8711
13m
98 Questions
194 Plays
194 Plays
194 Plays
Comments
Comments
Give Quiz Kudos
Give Quiz Kudos
-
- Ratings
hide this ad
More Info
Replay
Link that replays current quiz
Next Quiz
Link to next quiz in quiz playlist
You Got
0%
They Got
Avg Score
77%
Avg Friend Score
Upgrade to see
Score Distribution
Jump to the score distribution portion of the page
Score
0/98
Timer
13:00
0
Plays Today
League (Year)
Team
% Correct
MLB (2003)
Boston Red Sox
96.4%
MLB (2008)
Boston Red Sox
96.4%
MLB (2000)
St. Louis Cardinals
95.4%
MLB (2002)
St. Louis Cardinals
95.4%
MLB (2005)
St. Louis Cardinals
95.4%
NBA (2001)
San Antonio Spurs
94.8%
NBA (2008)
San Antonio Spurs
94.8%
MLB (2004)
New York Yankees
94.3%
NBA (2003)
Detroit Pistons
93.8%
NBA (2006)
Detroit Pistons
93.8%
NBA (2007)
Detroit Pistons
93.8%
NBA (2008)
Detroit Pistons
93.8%
NFL (2006)
New England Patriots
92.3%
NFL (2003)
Indianapolis Colts
91.8%
MLB (2006)
New York Mets
89.7%
NBA (2002)
Boston Celtics
89.7%
NFL (2002)
Philadelphia Eagles
89.2%
NFL (2001)
Philadelphia Eagles
89.2%
NFL (2003)
Philadelphia Eagles
89.2%
NFL (2008)
Philadelphia Eagles
89.2%
MLB (2005)
Los Angeles Angels of Anaheim
88.7%
MLB (2009)
Los Angeles Angels of Anaheim
88.7%
NBA (2005)
Miami Heat
88.7%
NBA (2009)
Cleveland Cavaliers
88.7%
NBA (2003)
Dallas Mavericks
88.1%
NFL (2001)
Pittsburgh Steelers
87.6%
NFL (2004)
Pittsburgh Steelers
87.6%
NBA (2004)
Indiana Pacers
87.1%
NFL (2005)
Carolina Panthers
87.1%
NFL (2009)
New York Jets
87.1%
NBA (2002)
Sacramento Kings
86.6%
MLB (2003)
Chicago Cubs
85.1%
MLB (2004)
Houston Astros
85.1%
League (Year)
Team
% Correct
MLB (2006)
Oakland Athletics
85.1%
NBA (2005)
Phoenix Suns
85.1%
NBA (2006)
Phoenix Suns
85.1%
NFL (2008)
Baltimore Ravens
85.1%
NHL (2007)
Detroit Red Wings
85.1%
NFL (2000)
Minnesota Vikings
84.5%
NFL (2009)
Minnesota Vikings
84.5%
MLB (2001)
Atlanta Braves
84%
MLB (2008)
Los Angeles Dodgers
83.5%
MLB (2009)
Los Angeles Dodgers
83.5%
NFL (2007)
Green Bay Packers
83%
MLB (2007)
Arizona Diamondbacks
82.5%
NBA (2000)
New York Knicks
82.5%
NFL (2006)
New Orleans Saints
82.5%
MLB (2000)
Seattle Mariners
81.4%
MLB (2001)
Seattle Mariners
81.4%
NFL (2000)
Oakland Raiders
81.4%
NHL (2001)
Pittsburgh Penguins
81.4%
MLB (2002)
Minnesota Twins
80.9%
NBA (2007)
Utah Jazz
80.9%
NBA (2009)
Denver Nuggets
80.4%
NCAA Basketball (2004)
Duke
79.9%
MLB (2007)
Cleveland Indians
79.4%
NHL (2006)
Mighty Ducks of Anaheim
79.4%
NFL (2007)
San Diego Chargers
78.9%
NFL (2005)
Denver Broncos
78.4%
NBA (2000)
Portland Trail Blazers
76.3%
NHL (2000)
Colorado Avalanche
76.3%
NHL (2002)
Colorado Avalanche
76.3%
NHL (2003)
Ottawa Senators
76.3%
NFL (2004)
Atlanta Falcons
75.3%
NHL (2008)
Dallas Stars
74.2%
NFL (2002)
Tennessee Titans
73.2%
League (Year)
Team
% Correct
NCAA Basketball (2001)
Michigan State
73.2%
NCAA Basketball (2005)
Michigan State
73.2%
NCAA Basketball (2007)
UCLA
73.2%
NCAA Basketball (2008)
UCLA
73.2%
NCAA Basketball (2000)
North Carolina
72.7%
NCAA Basketball (2008)
North Carolina
72.7%
NHL (2009)
Carolina Hurricanes
71.6%
NBA (2001)
Milwaukee Bucks
71.1%
NHL (2000)
Philadelphia Flyers
71.1%
NHL (2004)
Philadelphia Flyers
71.1%
NHL (2008)
Philadelphia Flyers
71.1%
NBA (2004)
Minnesota Timberwolves
70.6%
NCAA Basketball (2002)
Kansas
68.6%
NHL (2009)
Chicago Blackhawks
67.5%
NHL (2004)
San Jose Sharks
64.9%
NCAA Basketball (2009)
Connecticut
63.4%
NHL (2002)
Toronto Maple Leafs
61.9%
NHL (2006)
Buffalo Sabres
58.8%
NHL (2007)
Buffalo Sabres
58.8%
NCAA Basketball (2003)
Texas
56.7%
NHL (2003)
Minnesota Wild
56.2%
NHL (2001)
St. Louis Blues
54.6%
NCAA Basketball (2006)
George Mason
54.6%
NCAA Basketball (2001)
Maryland
54.1%
NCAA Basketball (2002)
Oklahoma
53.1%
NCAA Basketball (2006)
LSU
50%
NCAA Basketball (2009)
Villanova
50%
NCAA Basketball (2005)
Louisville
46.9%
NCAA Basketball (2007)
Georgetown
46.4%
NCAA Basketball (2004)
Oklahoma State
42.8%
NCAA Basketball (2000)
Wisconsin
39.2%
NCAA Basketball (2003)
Marquette
39.2%
Quiz Playlist
Details
Report
Send in Message
Add To Playlist
More Info:
The teams on the left are the two finalists in each sport/year. Name the team that lost to each of the finalists in the conference finals/Final Four.
Classic:
Type in answers that appear in a list
Quiz Source
Last Updated: May 7, 2017
Quiz Scoreboard
CHALLENGE
Sign Up to Join the Scoreboard
Show All
Scores
Hide
Comments
May contain spoilers
Recently Published
5x2 Blitz: Bands
by SL_Kpop136
Music
30s
Colored Red Africa Blitz
by spor1
Geography
30s
Find the 'City' Movie
by crazypaving
Movies
60s
More to Explore
Quiz From the Vault
Featured Blog Post
14 Easter Pick-up Lines to Find Eggs With
hide this ad
You Might Also Like...
Tags
Baseball Quiz
Basketball Quiz
MLB Quiz
NBA Quiz
NCAA Quiz
NFL Quiz
NHL Quiz
2000
League
Losing
semifinalist
team
Today's Top Quizzes in Sports
Browse Sports
hide this ad
Today's Top Quizzes in NBA
Browse NBA
Top Contributed Quizzes in Sports
1
Players with Multiple 50 Home Run Seasons
2
Criteria MLB: Left Handed Sluggers
3
MLB Players with Two .350 Batting Average Seasons
4
Who Hit More Homers?
5
Premier League Clubs since 2000 (minefield)
6
Who Needs Fielders?
7
2020 F1 Drivers Logic Puzzle
8
Les entraîneurs de l'OM et du PSG au 21e siècle
9
Top 10 NHL Goal Scorers of All Time
10
MLB Hall of Famer by Rings
Explore More
Trending Topics
NBA
Crossword
Marvel
Disney
Anime
Harry Potter
Kpop
Song
Soccer
NFL
Country
The Office
WWE
Puzzle
Pokémon
hide this ad
More By:
vapor8711
Quiz
Plays
Rating
Category
Featured
Created
Higher Education in The Simpsons
494
5.00
Television
Sep 19, 2010
Former NHL Arenas
242
4.33
Sports
Apr 22, 2010
Losing Semi-Finalists (2000s)
194
5.00
Sports
May 11, 2010
Go to Creator's Profile
Score Distribution
Quiz Creator Spotlight
vapor8711
Follow
Send a Message
Quizzes Created
-
Created Quiz Play Count
-
More By This Creator
Popular Quizzes Today
1
Find the 'City' Movie
2
Colored Red Africa Blitz
3
Find the US States - No Outlines Minefield
4
5x2 Blitz: Bands
5
The Countries of the World
6
Find the US States
7
US States
8
9x9 Crossword: Cartoon Network
More Sports Quizzes
Lewis or Nico?: Pole Positions (2014)
Curator's Pick
Trending Quizzes
Colored Red Europe Blitz I
Colored Red Africa Blitz II
Colored Red Europe Blitz II
Colored Red Europe Blitz III
Colored Red Africa Blitz III
Recently Updated
Famous TV Couples
Peacemaker
Champions League XIs: Real Madrid
pecheneg
Largest US Cities 1790-2010
pecheneg
Rides in Walt Disney World
pecheneg
Most Oscar Losses (Acting)
pecheneg
Beyoncé Albums
pecheneg
Leaping Animals
pecheneg
Reality TV Shows (A-Z)
bhenderson79
Rickey Henderson's Hall of Fame Teammates
pecheneg
Champions League XIs: Arsenal
pecheneg
Trending Topics
Marvel
Disney
Anime
Harry Potter
NBA
Kpop
Crossword
WWE
Soccer
Country
NFL
Song
The Office
Pokémon
Puzzle
Your Account Isn't Verified!
In order to create a playlist on Sporcle, you need to verify the email address you used during registration. Go to your
Sporcle Settings
to finish the process.
Report this User
Report this user for behavior that violates our
Community Guidelines
.
Details:
Send Report
Go to the Sporcle.com Mobile Site →
Comments